000 02159ngm a22004932a 4500
001 on1441255454
003 MWT
005 20240715150059.0
007 vd cvaizs
008 240715s2024 xxu116 e vleng d
040 _aMidwest
020 _a
_c$30.99
024 1 _a191329265840
028 4 2 _a16947570
245 0 4 _aThe Bikeriders
_h[videorecording].
250 _aWidescreen ed.
260 _a[United States] :
_bFocus Features,
_c2024.
300 _a1 videodisc (ca. 116 min.) :
_bsd., col. ;
_c4 3/4 in.
500 _a08/13/2024
511 1 _aJodie Comer, Austin Butler, Tom Hardy, Mike Faist, Damon Herriman, Boyd Holbrook, Michael Shannon, Emory Cohen, Beau Knapp, Karl Glusman, Toby Wallace, Norman Reedus, Happy Anderson.
508 _aDirector, Jeff Nichols.
538 _aDVD.
546 _aEnglish, French, Spanish audio; French, Spanish subtitles.
546 _aEnglish subtitles for the deaf and hard of hearing.
521 8 _aMPAA rating: R.
520 _aTHE BIKERIDERS captures a rebellious time in America when the culture and people were changing. After a chance encounter at a local bar, strong-willed Kathy is inextricably drawn to Benny, the newest member of Midwestern motorcycle club, the Vandals led by the enigmatic Johnny. Much like the country around it, the club begins to evolve, transforming from a gathering place for local outsiders into a dangerous underworld of violence, forcing Benny to choose between Kathy and his loyalty to the club.
650 4 _aCrime.
650 4 _aDrama.
655 4 _aDrama.
700 1 _aComer, Jodie
_96375960
700 1 _aButler, Austin
_95709883
700 1 _aHardy, Tom
_95960864
700 1 _aFaist, Mike
_96443674
700 1 _aHerriman, Damon
_96425185
700 1 _aHolbrook, Boyd
_95725947
700 1 _aShannon, Michael
_933405
700 1 _aCohen, Emory
_95782696
700 1 _aKnapp, Beau
_95811902
700 1 _aGlusman, Karl
_96490525
700 1 _aWallace, Toby
_96249819
700 1 _aReedus, Norman
_95871260
700 1 _aAnderson, Happy
_96356669
856 7 _3View cover art
_uhttps://thumbnail.midwesttape.com/16947570_180.jpg
_2https
999 _c398461
_d398461